Spell the Marvel Character #204 - Statistics

General Stats
  • This quiz has been taken 15 times
  • The average score is 10 of 12
Answer Stats
Picture Answer % Correct
Angel
100%
Luke Cage
100%
Mantis
100%
Drax
93%
Namor the Sub-Mariner
93%
Armor
79%
Outlaw
79%
Outlaw
79%
Lady Fantomex
71%
Goliath
64%
Old Man Logan
64%
Namora
57%
No matching quizzes found
Score Distribution
Percent of People with Each Score
Percentile by Number Answered
Your Score History
You have not taken this quiz